000
00259nam a2200109Ia 4500
008
190216s9999||||xx |||||||||||||| ||und||
100
_a
Shyam Folna Gupta
245
0
_a
Sinners And Saintist
260
_b
A Sterling Paperback
650
_a
English
942
_c
BK
999
_c
13320
_d
13320